Analógy inzulínu v terapii diabetes mellitus

Bibliographic Details
Main Author: (ou) (apd)
Format: Article
Language:Slovak
PhysicalDescription:Obr., tab.
ISSN:1335-4477
Subjects:

MARC

LEADER 00000nab a2200000 a 4500
001 vtls000865143
003 SK-MaSNL
005 20260302161013.0
008 140303c2004 xo 0 slo
015 |a SNBRB2004/03-07573 
035 |a CLN000216695 
040 |a SNKBUCL  |b slo  |c SNKBUCL  |e AACR2 
041 0 |a slo 
044 |a xo  |c SK 
080 |a 615.35  |2 1997 
080 |a 615.245  |2 1997 
080 |a 616.379-008.64-085  |2 1997 
100 1 |a (ou)  |4 apd  |9 839640 
245 1 0 |a Analógy inzulínu v terapii diabetes mellitus  |c [spracoval] (ou) 
300 |b Obr., tab. 
500 |a Prevzaté: (Der Mediziner 4, 2003,14-16) 
650 0 7 |a diabetes mellitus  |x farmakoterapia  |2 snkbucl  |9 858106 
650 0 7 |a analógy inzulínu  |2 snkbucl  |9 846166 
650 0 7 |a inzulín  |2 snkbucl  |9 14462 
650 0 7 |a diabetes mellitus  |x farmakoterapia  |2 MESH  |9 858106 
650 0 7 |a inzulín  |x analógy a deriváty  |2 MESH  |9 858107 
655 7 |a články z novín a časopisov  |2 snkbucl  |9 267496 
773 0 |t Zdravotnícke noviny  |g Roč. 9, č. 1 (2004)  |x 1335-4477 
773 0 |t [Príl.] Lekárske listy  |g Č. 1 (2004), s. 14-16  |x 1335-4477 
850 |a Slovenská národná knižnica v Martine 
852 |a SNK  |b KIS3GCP 
958 |a MI 
992 |a RBX 
999 |c 1376166  |d 1378096